Those dreadful children

Bibliographic Details
Main Author: Blyton, Enid
Corporate Author: Title
Format: Book
Published: London : Award , 2001
Subjects:

MARC

LEADER 00000cam a2200000 7i4500
001 0000005419
005 20151222.0
008 070803
020 |a 0861639499 
090 0 0 |a JF   |b ENG 
100 1 |a Blyton, Enid 
245 1 0 |a Those dreadful children   |c Enid Blyton 
260 |a London :   |b Award ,   |c 2001 
500 |a Children ages 10-12 years old (pink) 
650 0 |a Adventure 
650 0 |a Junior fiction   |x English   |x Languages 
710 0 |a Title 
999 |a 0000979456   |b Book   |c Children Collection   |e Cawangan Bandar Penawar 
999 |a 0000979458   |b Book   |c Children Collection   |e Cawangan Pontian